| 000 | 01799cam a22003734a 4500 | ||
|---|---|---|---|
| 001 | 13234508 | ||
| 003 | OSt | ||
| 005 | 20160105151036.0 | ||
| 008 | 030611s2004 nyuaf 000 0beng | ||
| 010 | _a 2003013224 | ||
| 020 | _a0071426175 (alk. paper) | ||
| 040 |
_aDLC _cDLC _dDLC |
||
| 042 | _apcc | ||
| 043 | _an-us-nj | ||
| 050 | 0 | 0 |
_aRM 666 _b.B139 2004 |
| 082 | 0 | 0 |
_aIB 615.7882 _bG59 2004 |
| 245 | 0 | 0 |
_aGood chemistry : _bthe life and legacy of valium inventor Leo Sternbach _cAlex Baenninger |
| 260 |
_aNew York : _bMcGraw-Hill, _cc2004. |
||
| 300 |
_avii, 166 p., [16] p. of plates : _bill. ; _c24 cm. |
||
| 505 | 0 | _aPt. I. The biography ofLeo Henryk Sternbach. A cure for troubled souls. Pearl of the Adriatic. First blossoming. A chemist of world renown. Upholding success -- Pt. II. The drug that changed the world. The benzodiazepine story. The crippling cost of anxiety and the benzodiazepine revolution. A social history: putting benzodiazepine into perspective. The scientific impact of the benzodiazepines. The present and the future. | |
| 521 | _blexile | ||
| 562 | _efor circulation. 1 copy available in the collection | ||
| 600 | 1 | 0 |
_aSternbach, L. H. _q(Leo H.) |
| 650 | 0 |
_aBenzodiazepines _xHistory. |
|
| 650 | 0 |
_aDiazepam _xHistory. |
|
| 650 | 0 |
_aChemists _zNew Jersey _vBiography. |
|
| 700 | 1 | _aBaenninger, Alex. | |
| 856 | 4 | 1 |
_3Table of contents _uhttp://www.loc.gov/catdir/toc/ecip045/2003013224.html |
| 856 | 4 | 2 |
_3Publisher description _uhttp://www.loc.gov/catdir/description/mh031/2003013224.html |
| 906 |
_a7 _bcbc _corignew _d1 _eecip _f20 _gy-gencatlg |
||
| 942 |
_2lcc _cBK |
||
| 999 |
_c2186 _d2186 |
||